000 00672nam a2200241Ia 4500
003 OSt
005 20220918203209.0
006 a|||||r|||| 00| 0
007 ta
008 220917b |||||||| |||| 00| 0 eng d
024 _a106,691
037 _cTextual
040 _aARTS
_cARTS
_beng
041 _2eng
_aeng
082 _aV3:8-1:H1, K5
100 _aHarvey Barbara F ed
_9107257
245 0 _aDocuments illustrating the rule of Walter de Wenlok Abbot of Westminister 1283-1307
260 _c1965
490 _aCamden Fourt series; 2
650 _aHISTORY
942 _hV3:8-1:H1, K5
_cTEXL
_2CC
999 _c230049
_d230049